000 00709nam a2200217Ia 4500
003 GCL
008 140319s9999 xx 000 0 ara d
040 _aGCL /
_cGCL
082 0 4 _a953.8
_bو ك
100 1 _aوليد حمدى الاعظمى
245 1 0 _aالكويت فى الوثائق البريطانية 1960-1752 /
_cوليد حمدى الاعظمى
260 _a[S.N] :
_bرياض الريس للكتب والنشر ،
_c1991
300 _a320 ص
490 _a
650 0 4 _aالعصر الحديث
650 0 4 _aالكويت
650 0 4 _aتاريخ
650 0 4 _aالاستعمار فى البلاد العربية
650 0 4 _aالاستعمار البريطانى
942 _2ddc
_cBK
999 _c30425
_d30425